|
|
|
|
| LEADER |
00000cam a2200000 7i4500 |
| 001 |
0000001483 |
| 005 |
20151222.0 |
| 008 |
070705 |
| 020 |
|
|
|a 9838474045
|
| 090 |
0 |
0 |
|a JF
|b CT MAL (1563)
|
| 100 |
0 |
|
|a Nurbaidura Ismail
|
| 245 |
1 |
0 |
|a Puteri Saadong
|c Nurbaidura Ismail
|
| 260 |
|
|
|a Kuala Lumpur :
|b Buku Must ,
|c 2006
|
| 440 |
|
0 |
|a Siri srikandi nusa
|
| 500 |
|
|
|a Children ages 7-9 years old (orange)
|
| 650 |
|
0 |
|a Malay fiction
|
| 999 |
|
|
|a 0000957727
|b Book
|c Children Collection
|e Perbadanan Perpustakaan Awam Johor
|
| 999 |
|
|
|a 0001069793
|b Book
|c Children Collection
|e Cawangan Taman Universiti
|
| 999 |
|
|
|a 0001069803
|b Book
|c Children Collection
|e Cawangan Tmn. Ungku Tun Aminah
|